| 000 | 00363nam a2200145Ia 4500 | ||
|---|---|---|---|
| 008 | 150201s1999 xx 000 0 und d | ||
| 082 |
_a611.313 _bD1999A |
||
| 100 | _aMAJOR,M.ASH | ||
| 245 | _aDENTAL ANATOMY PHYSIOLOGY & OCCLUSSION | ||
| 250 | _a7TH | ||
| 260 |
_bSAUNDERS _aPHILADELPHIA _c1999 |
||
| 300 | _a1-478 | ||
| 650 | _aDENTAL ANATOMY | ||
| 942 |
_2ddc _cBK |
||
| 999 |
_c3219 _d3219 |
||